QUEST Central Library Banner

Power System Stability / (Record no. 810)

MARC details
000 -LEADER
fixed length control field 00585nam a2200217 a 4500
003 - CONTROL NUMBER IDENTIFIER
control field PK-NaQUE
005 - DATE AND TIME OF LATEST TRANSACTION
control field 20250625181752.0
008 - FIXED-LENGTH DATA ELEMENTS--GENERAL INFORMATION
fixed length control field 250625b ||||| |||| 00| 0 eng d
020 ## - INTERNATIONAL STANDARD BOOK NUMBER
International Standard Book Number 0471476196 (hardcover)
020 ## - INTERNATIONAL STANDARD BOOK NUMBER
International Standard Book Number 9780471476191 (hardcover)
040 ## - CATALOGING SOURCE
Transcribing agency QUEST
100 1# - MAIN ENTRY--PERSONAL NAME
Personal name Kimbark, Edward Wilson.
245 10 - TITLE STATEMENT
Title Power System Stability /
250 ## - EDITION STATEMENT
Edition statement Volume 2 ed.
260 ## - PUBLICATION, DISTRIBUTION, ETC. (IMPRINT)
Place of publication, distribution, etc [S.l.] :
Name of publisher, distributor, etc Wiley,
Date of publication, distribution, etc 1950.
300 ## - PHYSICAL DESCRIPTION
Extent 280 p.
490 1# - SERIES STATEMENT
Series statement Volume 2.
650 ## - SUBJECT ADDED ENTRY--TOPICAL TERM
Topical term or geographic name as entry element Power System
856 40 - ELECTRONIC LOCATION AND ACCESS
Uniform Resource Identifier <a href="http://10.10.170.122:8080/browse/book/27668">http://10.10.170.122:8080/browse/book/27668</a>
Link text Download eBook
942 ## - ADDED ENTRY ELEMENTS (KOHA)
Koha item type Books
Source of classification or shelving scheme Dewey Decimal Classification
Holdings
Withdrawn status Lost status Damaged status Not for loan Home library Current library Date acquired Cost, normal purchase price Total Checkouts Full call number Barcode Date last seen Price effective from Koha item type
        Central Library, QUEST, Nawabshah Central Library, QUEST, Nawabshah 28/04/2014 60.00   621.319KIM 8882 28/04/2014 28/04/2014 Books
        Central Library, QUEST, Nawabshah Stacks area 28/04/2014 60.00   621.319KIM 8883 28/04/2014   Books

Copyright © 2018,The QUEST, Nawabshah, Shaheed Benazirabad. All rights reserved
Mr. G. Farooq Channar (Librarian) QUEST, Nawabshah, Sindh, Pakistan 67480.
 Ph#: |   0244-9370381-4 Ext. 2308   Email| lib@quest.edu.pk   Web|  http://www.quest.edu.pk